| 000 | 00371nam a22001577a 4500 | ||
|---|---|---|---|
| 005 | 20260417105006.0 | ||
| 008 | 260417b |||||||| |||| 00| 0 eng d | ||
| 022 | _a978-93-5427-418-3 | ||
| 082 | _a891.431 | ||
| 100 |
_aBHUSHAN , SARIKA _99011 |
||
| 245 | _aEK SPACE | ||
| 260 |
_bBLUE ROSE _c2021 |
||
| 300 | _a182;P | ||
| 650 |
_aLiterary/Dramatic _99013 |
||
| 942 | _cBK | ||
| 999 |
_c9115 _d9113 |
||